[Event "World Blitz 2023"]
[Site "Samarkand UZB"]
[Date "2023.12.29"]
[EventDate "2023.12.29"]
[Round "4.32"]
[Result "1-0"]
[White "Jakhongir Vakhidov"]
[Black "Emin Ohanyan"]
[WhiteElo "2574"]
[BlackElo "2387"]
[PlyCount "86"]

1. c4 e5 2. Nc3 Nf6 3. Nf3 Nc6 4. e4 Bc5 5. Nxe5 Nxe5 6. d4 Bb4 7. dxe5
Nxe4 8. Qf3 Nxc3 9. bxc3 Ba5 10. Bf4 O-O 11. O-O-O Qe7 12. Kb2 Rb8 13. h4
b5 14. cxb5 a6 15. Bc4 axb5 16. Bb3 b4 17. c4 Bb7 18. Qg3 Kh8 19. h5 h6 20.
Rhe1 Bb6 21. Qd3 f5 22. exf6 Qxf6+ 23. Be5 Qf5 24. Qxf5 Rxf5 25. Rxd7 Rxf2+
26. Kb1 Rxg2 27. Bxc7 Bxc7 28. Rxc7 Bf3 29. c5 Bxh5 30. c6 Bf3 31. Rc1 Rd8
32. Rd7 Rc8 33. c7 Bg4 34. Rd8+ Kh7 35. Rxc8 Bxc8 36. Rf1 h5 37. Rf8 Bg4
38. Bc2+ Kh6 39. Bf5 Rg1+ 40. Kb2 Rg2+ 41. Kb3 Bd1+ 42. Kxb4 Rb2+ 43. Kc3
1-0

[Event "World Blitz 2023"]
[Site "Samarkand UZB"]
[Date "2023.12.29"]
[EventDate "2023.12.29"]
[Round "4.33"]
[Result "1-0"]
[White "Henriquez Villagra, Cristobal"]
[Black "Artem Uskov"]
[WhiteElo "2568"]
[BlackElo "2328"]
[PlyCount "122"]

1. e4 c5 2. Nf3 e6 3. d4 cxd4 4. Nxd4 Nc6 5. Nc3 Qc7 6. Be3 a6 7. a3 Nf6 8.
Be2 Be7 9. f4 d6 10. Qd3 O-O 11. g4 Nxd4 12. Bxd4 e5 13. Bf2 exf4 14. g5
Nd7 15. Nd5 Qa5+ 16. b4 Qd8 17. Rd1 Bxg5 18. h4 Bf6 19. Qf3 Be5 20. Rg1 Nf6
21. Bb6 Qd7 22. Nxf6+ Bxf6 23. Qxf4 Be5 24. Qg5 Qc6 25. Bd4 Bxd4 26. Rxd4
Qc3+ 27. Qd2 Qxd2+ 28. Kxd2 Rd8 29. e5 d5 30. c4 Be6 31. c5 Rac8 32. Rc1
Rc7 33. a4 Rdc8 34. a5 Kf8 35. Bd3 Ke7 36. Rg1 g6 37. Rf1 Rf8 38. Rdf4 Rd7
39. Kc3 d4+ 40. Rxd4 Rxd4 41. Kxd4 Rd8+ 42. Kc3 Bc8 43. Rf6 Rd5 44. Bc4
Rxe5 45. Rxf7+ Kd8 46. Rxh7 Re3+ 47. Kd4 Rg3 48. Bd5 Rg1 49. Ke5 Bd7 50.
Bxb7 Rb1 51. c6 Re1+ 52. Kd6 Rd1+ 53. Kc5 Rc1+ 54. Kb6 Be6 55. c7+ Ke8 56.
Bxa6 Kf8 57. Bb5 Rd1 58. Bc6 Rc1 59. b5 Kg8 60. Re7 Bf5 61. a6 1-0

[Event "World Blitz 2023"]
[Site "Samarkand UZB"]
[Date "2023.12.29"]
[EventDate "2023.12.29"]
[Round "4.34"]
[Result "1/2-1/2"]
[White "Daler Vakhidov"]
[Black "Maksim Chigaev"]
[WhiteElo "2110"]
[BlackElo "2561"]
[PlyCount "160"]

1. d4 Nf6 2. Nf3 g6 3. g3 Bg7 4. c4 O-O 5. Bg2 d6 6. Nc3 c5 7. dxc5 dxc5 8.
O-O Nc6 9. Bf4 Bf5 10. Qa4 Ne4 11. Nxe4 Bxe4 12. Rad1 Qb6 13. b3 Rfd8 14.
Be3 a6 15. Nh4 Bxg2 16. Nxg2 Nd4 17. Bxd4 cxd4 18. Nf4 e6 19. Nd3 h5 20. h4
Qc7 21. Qb4 Rac8 22. Qd2 a5 23. Qf4 e5 24. Qf3 f5 25. e4 dxe3 26. Qxe3 Rd4
27. Rde1 Kh7 28. Nc1 Rcd8 29. Ne2 Rd3 30. Qc1 Qc5 31. Kg2 a4 32. Ng1 axb3
33. axb3 Bh6 34. Qa1 e4 35. Nh3 Rd2 36. Qf6 R8d7 37. Rd1 Qc6 38. Qxc6 bxc6
39. Rb1 e3 40. Kf3 exf2 41. Rxf2 R2d3+ 42. Kg2 Kg7 43. b4 Rc3 44. b5 Rxc4
45. b6 Rb7 46. Re2 Re4 47. Rc2 Re6 48. Ng1 c5 49. Rxc5 Rexb6 50. Rxb6 Rxb6
51. Nf3 Be3 52. Rc7+ Kf6 53. Rc2 Rd6 54. Re2 Rd3 55. Ne1 Rc3 56. Nf3 Bc5
57. Ng5 Be3 58. Nf3 Rb3 59. Rc2 Rb6 60. Re2 Re6 61. Rc2 Bb6 62. Ng5 Rd6 63.
Rb2 Rc6 64. Rd2 Be3 65. Nh7+ Ke5 66. Re2 Kd4 67. Nf8 Kd3 68. Ra2 Bc5 69.
Nh7 Bd4 70. Ng5 Rc3 71. Nh3 Be3 72. Ra8 Rc2+ 73. Kf3 Bd4 74. Rd8 Kc4 75.
Rc8+ Bc5 76. Rc6 Rc3+ 77. Kf4 Kd5 78. Rxg6 Bd6+ 79. Kxf5 Rxg3 80. Rxg3 Bxg3
1/2-1/2

[Event "World Blitz 2023"]
[Site "Samarkand UZB"]
[Date "2023.12.29"]
[EventDate "2023.12.29"]
[Round "4.35"]
[Result "1/2-1/2"]
[White "Rinat Jumabayev"]
[Black "Asrorjon Omonov"]
[WhiteElo "2561"]
[BlackElo "2069"]
[PlyCount "56"]

1. Nf3 Nf6 2. c4 e6 3. g3 d5 4. Bg2 Be7 5. O-O O-O 6. d4 dxc4 7. Qc2 a6 8.
a4 Bd7 9. Qxc4 Bc6 10. Bg5 Nbd7 11. Nc3 h6 12. Bxf6 Nxf6 13. Rfd1 a5 14.
Qd3 Bb4 15. Re1 Qe8 16. Qc2 Bxf3 17. Bxf3 c6 18. Red1 Qe7 19. e3 Rad8 20.
Na2 Rd7 21. Nxb4 Qxb4 22. Rdc1 Ra8 23. Qc5 Qxc5 24. Rxc5 Nd5 25. h4 Nb4 26.
Be4 Kf8 27. g4 Ke7 28. f4 Rc7 1/2-1/2

[Event "World Blitz 2023"]
[Site "Samarkand UZB"]
[Date "2023.12.29"]
[EventDate "2023.12.29"]
[Round "4.36"]
[Result "1-0"]
[White "Mikhail Kobalia"]
[Black "Jaloliddin Ilkhomi"]
[WhiteElo "2558"]
[BlackElo "2054"]
[PlyCount "82"]

1. e4 e6 2. d3 d5 3. Nd2 c5 4. Ngf3 Nc6 5. g3 Bd6 6. Bg2 Nge7 7. O-O O-O 8.
Re1 Qc7 9. c3 f6 10. Qe2 d4 11. Nc4 e5 12. Bd2 Be6 13. Nxd6 Qxd6 14. c4 a6
15. Nh4 Qd7 16. f4 b5 17. b3 bxc4 18. bxc4 Nb4 19. Rec1 Bg4 20. Qf1 Qa4 21.
h3 Bd7 22. a3 Nc2 23. Ra2 Ne3 24. Qe2 Nxg2 25. Kxg2 Qc6 26. Nf3 exf4 27.
gxf4 f5 28. Ne5 Qb7 29. Kh2 fxe4 30. dxe4 Ng6 31. Nxd7 Qxd7 32. f5 Ne5 33.
Bf4 Rae8 34. Rg1 d3 35. Qh5 Qf7 36. Qd1 Qxc4 37. Rag2 Rf7 38. Bh6 Qxe4 39.
Bxg7 Rxg7 40. Rxg7+ Kh8 41. Rxh7+ 1-0

[Event "World Blitz 2023"]
[Site "Samarkand UZB"]
[Date "2023.12.29"]
[EventDate "2023.12.29"]
[Round "4.37"]
[Result "1-0"]
[White "Ter-Sahakyan, Samvel"]
[Black "Bakhrom Bakhrillaev"]
[WhiteElo "2556"]
[BlackElo "1994"]
[PlyCount "100"]

1. e4 e5 2. Nf3 Nc6 3. Bb5 a6 4. Ba4 Nf6 5. O-O d6 6. Bxc6+ bxc6 7. Re1 Bg4
8. d4 Nd7 9. Nbd2 exd4 10. h3 Bh5 11. g4 Bg6 12. Nxd4 h5 13. Nxc6 Qh4 14.
Kg2 hxg4 15. Qxg4 Qxg4+ 16. hxg4 f6 17. f3 Ne5 18. Nxe5 fxe5 19. Nc4 Bf7
20. Na5 Kd7 21. Be3 Be7 22. Rh1 Be6 23. Rxh8 Rxh8 24. a3 c6 25. Rd1 Rb8 26.
b4 Bd8 27. Nb3 Bxb3 28. cxb3 Ke6 29. Rc1 Kd7 30. Bd2 Bb6 31. Rh1 Ke6 32.
Rh7 Kf6 33. Rh1 Ke6 34. Kf1 Bd4 35. Ke2 a5 36. Kd3 axb4 37. axb4 c5 38. Rc1
cxb4 39. Rc7 Rf8 40. f4 exf4 41. Kxd4 f3 42. Rc1 f2 43. Rf1 Rf3 44. Be3 Rg3
45. Rxf2 Rxg4 46. Rf4 Rg2 47. Rf8 Rg4 48. Kd3 Ke5 49. Rf5+ Ke6 50. Rb5 1-0

[Event "World Blitz 2023"]
[Site "Samarkand UZB"]
[Date "2023.12.29"]
[EventDate "2023.12.29"]
[Round "4.38"]
[Result "0-1"]
[White "Ernur Amangeldy"]
[Black "Mahammad Muradli"]
[WhiteElo "2144"]
[BlackElo "2551"]
[PlyCount "54"]

1. d4 Nf6 2. c4 g6 3. Nc3 Bg7 4. e4 O-O 5. Be2 d6 6. Nf3 e5 7. Be3 exd4 8.
Nxd4 Re8 9. f3 c6 10. Bf2 d5 11. exd5 cxd5 12. O-O Nc6 13. c5 Nh5 14. Qd2
Be5 15. g3 Ng7 16. Rad1 Bxd4 17. Bxd4 Nxd4 18. Qxd4 Nf5 19. Qxd5 Qxd5 20.
Nxd5 Rxe2 21. Nc7 Rb8 22. Rd8+ Kg7 23. Rf2 Re1+ 24. Rf1 Rxf1+ 25. Kxf1 b6
26. Ne8+ Kh6 27. c6 Ba6+ 0-1

[Event "World Blitz 2023"]
[Site "Samarkand UZB"]
[Date "2023.12.29"]
[EventDate "2023.12.29"]
[Round "4.39"]
[Result "1-0"]
[White "Dmitry Andreikin"]
[Black "Mukhiddin Madaminov"]
[WhiteElo "2741"]
[BlackElo "2460"]
[PlyCount "120"]

1. d4 Nf6 2. c4 g6 3. Nc3 d5 4. cxd5 Nxd5 5. e4 Nxc3 6. bxc3 Bg7 7. Nf3 c5
8. Bb5+ Nc6 9. O-O O-O 10. Bxc6 bxc6 11. Qc2 cxd4 12. cxd4 Bg4 13. Ne5 Qxd4
14. Bb2 Qb6 15. Rab1 Bxe5 16. Bxe5 Qa5 17. Bc3 Qc5 18. Rfc1 Rfd8 19. h3 Be6
20. Qb2 Qg5 21. Kh1 Qf4 22. f3 Rab8 23. Qf2 f6 24. Qxa7 Kf7 25. e5 Rxb1 26.
Rxb1 Rd7 27. Qf2 Qc4 28. Rc1 f5 29. a3 Qf4 30. Re1 Rd3 31. Bb4 Qd4 32. Qg3
c5 33. Ba5 Rxa3 34. Bb6 Rb3 35. Ba5 Rb5 36. Bc7 Qd7 37. Qh4 Kg8 38. Qa4 Kf7
39. Ba5 c4 40. Bc3 Rb3 41. Qa5 Qd5 42. Qa1 Qd3 43. Rc1 g5 44. Qa5 Qe3 45.
Bd2 Qf2 46. Bxg5 Rb2 47. Rg1 Qg3 48. Qa3 Rb7 49. Qc1 Qxe5 50. Re1 Qd5 51.
Qc3 Kg6 52. Bh4 Rd7 53. Qh8 Bf7 54. Bxe7 Rxe7 55. Rxe7 Qd1+ 56. Kh2 Qd6+
57. Qe5 Qb6 58. Rc7 h5 59. Rc8 h4 60. Rh8 Qe6 1-0

[Event "World Blitz 2023"]
[Site "Samarkand UZB"]
[Date "2023.12.29"]
[EventDate "2023.12.29"]
[Round "4.40"]
[Result "1-0"]
[White "Arystan Isanzhulov"]
[Black "Vladimir Fedoseev"]
[WhiteElo "2431"]
[BlackElo "2719"]
[PlyCount "116"]

1. e4 c5 2. Nf3 Nc6 3. Nc3 e5 4. Bc4 d6 5. d3 Be7 6. Nd2 Nf6 7. Nf1 Bg4 8.
f3 Be6 9. Ne3 O-O 10. O-O a6 11. a4 Nd7 12. Ncd5 Bg5 13. f4 exf4 14. Nxf4
Bxf4 15. Rxf4 Nde5 16. b3 Nd4 17. Rf2 b5 18. Bd5 Rb8 19. c3 Bxd5 20. exd5
Nxb3 21. Qxb3 Nxd3 22. Rf3 c4 23. Qd1 Qb6 24. Kh1 f5 25. Qf1 f4 26. Nc2 g5
27. axb5 Qxb5 28. Na3 Qa4 29. Bd2 Ne5 30. Rf2 Rb2 31. Bc1 Rxf2 32. Qxf2 Nd3
33. Qf1 Re8 34. Bd2 Qb3 35. h3 Qb2 36. Nxc4 Qc2 37. Kh2 Nc5 38. Qb1 Qxb1
39. Rxb1 Re2 40. Re1 Rxe1 41. Bxe1 Ne4 42. Kg1 Kf7 43. Kf1 Ke7 44. Ke2 Nf6
45. Nb6 Kf7 46. c4 Kg6 47. Bb4 Ne4 48. Nc8 a5 49. Bxd6 h5 50. Ba3 g4 51.
hxg4 hxg4 52. d6 Nf6 53. Nb6 Kf5 54. d7 Nxd7 55. Nxd7 Ke4 56. c5 f3+ 57.
gxf3+ gxf3+ 58. Kf2 Kd5 1-0

[Event "World Blitz 2023"]
[Site "Samarkand UZB"]
[Date "2023.12.29"]
[EventDate "2023.12.29"]
[Round "4.42"]
[Result "0-1"]
[White "Arystanbek Urazayev"]
[Black "Giga Quparadze"]
[WhiteElo "2408"]
[BlackElo "2617"]
[PlyCount "166"]

1. Nf3 c5 2. g3 Nc6 3. Bg2 g6 4. O-O Bg7 5. d3 d6 6. c4 e6 7. Nc3 Nge7 8.
Bd2 O-O 9. a3 b6 10. Rb1 Bb7 11. b4 Qd7 12. Qc1 Rad8 13. Bh6 Bxh6 14. Qxh6
Nf5 15. Qd2 Ncd4 16. Nxd4 Nxd4 17. Ne4 Qe7 18. e3 Bxe4 19. Bxe4 Nf5 20. Bg2
h5 21. h4 Rc8 22. b5 Rcd8 23. a4 d5 24. Qe2 dxc4 25. dxc4 Rd6 26. a5 Rfd8
27. axb6 axb6 28. Rfd1 Qd7 29. Rxd6 Qxd6 30. Ra1 Qc7 31. Rd1 Rd6 32. Rxd6
Nxd6 33. Qa2 Kg7 34. Qa1+ Kg8 35. Qa8+ Qc8 36. Qa4 Qd8 37. Bf3 Nf5 38. Kg2
Qd2 39. Qb3 Nd6 40. Qa4 Qc3 41. Be2 Qb2 42. Qd1 Nf5 43. Qd3 Kg7 44. Kg1
Qa1+ 45. Kg2 Qe5 46. Bf3 Nd6 47. Be2 Qe4+ 48. Qxe4 Nxe4 49. Bd3 Nd6 50. f3
Kf6 51. g4 hxg4 52. fxg4 g5 53. h5 Kg7 54. Kf3 f5 55. Be2 Kf6 56. Bd3 Nf7
57. Be2 Nh6 58. Kg3 Ke5 59. Bf3 fxg4 60. Bxg4 Ke4 61. Bxe6 Kxe3 62. Bd5 Kd4
63. Kf3 Ke5 64. Kg3 Kf5 65. Bc6 g4 66. Bd7+ Kg5 67. Be8 Nf5+ 68. Kf2 Ng7
69. Bf7 Nxh5 70. Ke3 Nf6 71. Be6 Kh4 72. Bf5 Ne8 73. Be6 Nd6 74. Kf4 g3 75.
Kf3 Ne8 76. Kg2 Nf6 77. Kf3 Nh5 78. Bd7 Nf4 79. Bc6 g2 80. Kf2 Kg4 81. Bd7+
Kg5 82. Bc6 Kf6 83. Be4 Ke5 0-1

[Event "World Blitz 2023"]
[Site "Samarkand UZB"]
[Date "2023.12.29"]
[EventDate "2023.12.29"]
[Round "4.43"]
[Result "0-1"]
[White "Andrey Gorovets"]
[Black "Andrey Esipenko"]
[WhiteElo "2418"]
[BlackElo "2615"]
[PlyCount "100"]

1. Nf3 d5 2. g3 Nf6 3. Bg2 e6 4. c4 Be7 5. d4 O-O 6. Nc3 Nbd7 7. b3 dxc4 8.
bxc4 c5 9. O-O cxd4 10. Qxd4 Nb6 11. Qd3 Qc7 12. Bf4 Qxc4 13. Qxc4 Nxc4 14.
Rac1 Bd7 15. Ne5 Nxe5 16. Bxe5 Bc6 17. Bxc6 bxc6 18. Na4 Nd7 19. Bc7 Nb8
20. Rfd1 Rc8 21. Bxb8 Raxb8 22. Rd7 Ba3 23. Rc3 Bb4 24. Rcd3 c5 25. Rxa7 c4
26. Rdd7 c3 27. Nxc3 Bxc3 28. Rxf7 Bd4 29. Rad7 Bf6 30. Rb7 Rc1+ 31. Kg2
Rbc8 32. Rfd7 R1c2 33. e3 Rxa2 34. Rdc7 Re8 35. h4 h6 36. Rc6 Rd8 37. Rb4
e5 38. Rb1 Rdd2 39. Rf1 h5 40. Rc4 Kh7 41. Kf3 Kg6 42. Rb4 Kf5 43. Rc4 e4+
44. Kg2 g5 45. Rc5+ Kg4 46. Rc6 Be5 47. hxg5 Bxg3 48. Rf6 Kxg5 49. Rf8
Rxf2+ 50. Kxg3 h4+ 0-1

[Event "World Blitz 2023"]
[Site "Samarkand UZB"]
[Date "2023.12.29"]
[EventDate "2023.12.29"]
[Round "4.44"]
[Result "0-1"]
[White "Kirill Shevchenko"]
[Black "Mukhammadzokhid Suyarov"]
[WhiteElo "2603"]
[BlackElo "2449"]
[PlyCount "48"]

1. e4 e5 2. Nf3 Nf6 3. Nc3 Nc6 4. Nd5 d6 5. d4 exd4 6. Nxd4 Be7 7. Bb5 Bd7
8. O-O O-O 9. Nxe7+ Qxe7 10. Bxc6 bxc6 11. Re1 Rfe8 12. Bg5 h6 13. Bh4 c5
14. Nb3 Qe5 15. Nd2 Ng4 16. Bg3 Qxb2 17. Rb1 Qxa2 18. Rb7 Rac8 19. Nf3 Bc6
20. Rb3 Bxe4 21. Rc3 Qd5 22. Nd2 Bf5 23. h3 Nf6 24. Rf1 Bg6 0-1

[Event "World Blitz 2023"]
[Site "Samarkand UZB"]
[Date "2023.12.29"]
[EventDate "2023.12.29"]
[Round "4.45"]
[Result "0-1"]
[White "Giovanni Vescovi"]
[Black "Mamikon Gharibyan"]
[WhiteElo "2593"]
[BlackElo "2444"]
[PlyCount "78"]

1. Nf3 d5 2. c4 e6 3. b3 Nf6 4. Bb2 Bd6 5. g3 O-O 6. Bg2 b6 7. O-O Bb7 8.
e3 c5 9. Qe2 Nbd7 10. Nc3 Rc8 11. Rfd1 a6 12. Rac1 Qe7 13. d3 Rfd8 14. cxd5
exd5 15. d4 c4 16. Nh4 Qe6 17. bxc4 Rxc4 18. Nxd5 Rxc1 19. Nxf6+ Nxf6 20.
Bxc1 Bxg2 21. Nxg2 b5 22. f3 Nd5 23. Bd2 Rc8 24. e4 Nb6 25. Bf4 Bf8 26. d5
Qd7 27. Be3 Na4 28. Bd4 a5 29. Nf4 b4 30. Rd2 Nc3 31. Qa6 a4 32. e5 Nxd5
33. Nxd5 Rc1+ 34. Kg2 Qxd5 35. Qxa4 h5 36. Qb3 Qb5 37. Rf2 Qd7 38. Bb2 Rd1
39. f4 0-1

[Event "World Blitz 2023"]
[Site "Samarkand UZB"]
[Date "2023.12.29"]
[EventDate "2023.12.29"]
[Round "4.46"]
[Result "1-0"]
[White "Kacper Piorun"]
[Black "Matvey Galchenko"]
[WhiteElo "2589"]
[BlackElo "2424"]
[PlyCount "148"]

1. d4 d5 2. Nf3 Bf5 3. e3 e6 4. c4 c6 5. Nc3 Nf6 6. Nh4 Be4 7. f3 Bg6 8.
Qb3 Qc7 9. Bd2 Be7 10. cxd5 cxd5 11. Nxg6 hxg6 12. O-O-O Nc6 13. Kb1 a6 14.
Rc1 Rc8 15. Bd3 Nd7 16. Ne2 b5 17. a4 Rb8 18. axb5 axb5 19. Bxb5 Qb6 20.
Qa4 Qxb5 21. Qxb5 Rxb5 22. Rxc6 O-O 23. Rc7 Ba3 24. Bc1 Nf6 25. Nc3 Rb6 26.
Kc2 Bd6 27. Ra7 Rfb8 28. h3 e5 29. dxe5 Bxe5 30. Rd1 Rc6 31. Ra3 Rbc8 32.
Bd2 d4 33. exd4 Bxd4 34. Be1 Be5 35. Rb3 Rc5 36. Kb1 R5c6 37. g4 Ra8 38. g5
Nh5 39. Nd5 Rca6 40. Kc2 Nf4 41. Nxf4 Bxf4 42. h4 Rc6+ 43. Rc3 Re6 44. b4
Re2+ 45. Kb3 Be5 46. Rcd3 Rb2+ 47. Kc4 Rc8+ 48. Kb5 Rb8+ 49. Kc4 Rc8+ 50.
Kd5 Re2 51. R3d2 Re3 52. Bf2 Rd8+ 53. Kc6 Rc3+ 54. Bc5 Rc8+ 55. Kb7 Rc7+
56. Kb6 f6 57. Rd8+ Kf7 58. R8d7+ Rxd7 59. Rxd7+ Ke6 60. Rxg7 fxg5 61.
Rxg6+ Kf7 62. Rxg5 Bf6 63. Rf5 Rd3 64. h5 Ke6 65. Rf4 Be5 66. Re4 Kd5 67.
h6 Rxf3 68. Rh4 Rf6+ 69. Kb5 Rf7 70. h7 Bh8 71. Rh5+ Ke6 72. Kc6 Rf6 73.
Bd4 Rg6 74. Bxh8 1-0

[Event "World Blitz 2023"]
[Site "Samarkand UZB"]
[Date "2023.12.29"]
[EventDate "2023.12.29"]
[Round "4.47"]
[Result "1-0"]
[White "Tigran K Harutyunyan"]
[Black "Vugar Asadli"]
[WhiteElo "2407"]
[BlackElo "2584"]
[PlyCount "102"]

1. d4 Nf6 2. Nf3 g6 3. Nc3 Bg7 4. e4 d6 5. Bb5+ c6 6. Ba4 O-O 7. Bb3 a5 8.
a4 Na6 9. O-O Nb4 10. h3 Qc7 11. e5 dxe5 12. dxe5 Nfd5 13. Ne4 Bxe5 14. c3
Na6 15. Nxe5 Qxe5 16. Re1 Bf5 17. Ng3 Qf6 18. Bxd5 cxd5 19. Qxd5 Be6 20.
Qxa5 Rfc8 21. Bg5 Qg7 22. Bxe7 Nc5 23. Qb5 Bd7 24. Qe2 Re8 25. Qc4 Ne6 26.
Bd6 Bc6 27. Be5 Qh6 28. b4 Rac8 29. Ne4 Bxe4 30. Qxe4 Qh5 31. Qg4 Qh6 32.
a5 Rc6 33. b5 Rc5 34. a6 Rxb5 35. a7 Ra8 36. Bb8 Rg5 37. Qf3 Rb5 38. Rad1
Qh4 39. Rd7 Rf5 40. Qg3 Qxg3 41. fxg3 Rb5 42. c4 Rb4 43. c5 h5 44. Rf1 f5
45. Re1 Re4 46. Rxe4 fxe4 47. Rxb7 Nxc5 48. Rc7 Na6 49. Rc8+ Kf7 50. Kf2
Ke6 51. Rc6+ 1-0

[Event "World Blitz 2023"]
[Site "Samarkand UZB"]
[Date "2023.12.29"]
[EventDate "2023.12.29"]
[Round "4.48"]
[Result "1-0"]
[White "Aleksey Grebnev"]
[Black "Sabino Brunello"]
[WhiteElo "2404"]
[BlackElo "2573"]
[PlyCount "80"]

1. d4 Nf6 2. c4 e6 3. Nc3 d5 4. cxd5 Nxd5 5. e4 Nxc3 6. bxc3 c5 7. Rb1 cxd4
8. cxd4 Nc6 9. Bb5 Bd7 10. Nf3 Bb4+ 11. Bd2 Bxd2+ 12. Qxd2 O-O 13. O-O a6
14. Bd3 b5 15. d5 exd5 16. exd5 Ne7 17. d6 Ng6 18. Rfe1 Qf6 19. Bxg6 hxg6
20. Ne5 Rfd8 21. Rbd1 Rac8 22. h3 Qf5 23. Qa5 Re8 24. Nxd7 Rxe1+ 25. Rxe1
Qxd7 26. Qxa6 Rd8 27. Rd1 Kh7 28. Qb6 Rc8 29. Qd4 Rc6 30. Qd5 Ra6 31. Rd4
Kg8 32. h4 Kh7 33. h5 Kh6 34. hxg6 Kxg6 35. Qe4+ Kf6 36. Qh4+ g5 37. Qh6+
Kf5 38. Rd5+ Ke4 39. Qxg5 Qe6 40. d7 1-0

[Event "World Blitz 2023"]
[Site "Samarkand UZB"]
[Date "2023.12.29"]
[EventDate "2023.12.29"]
[Round "4.49"]
[Result "0-1"]
[White "Cem Kaan Gokerkan"]
[Black "Gadir Guseinov"]
[WhiteElo "2365"]
[BlackElo "2563"]
[PlyCount "62"]

1. e4 c5 2. c3 d5 3. exd5 Qxd5 4. d4 g6 5. Nf3 Bg7 6. dxc5 Qxc5 7. Be3 Qc7
8. Na3 a6 9. Nc4 Nd7 10. a4 Ngf6 11. a5 O-O 12. Be2 Ng4 13. Bg5 b5 14. axb6
Nxb6 15. Nxb6 Qxb6 16. O-O Qxb2 17. h3 Nf6 18. c4 Bf5 19. Re1 Rfd8 20. Qa4
Ne4 21. Rab1 Qxb1 22. Rxb1 Nc3 23. Qb3 Nxb1 24. g4 Rab8 25. Qe3 Be6 26. Bh6
Bh8 27. Ng5 Bd4 28. Qf3 Nd2 29. Qa3 Nxc4 30. Qxe7 Re8 31. Qc7 0-1

[Event "World Blitz 2023"]
[Site "Samarkand UZB"]
[Date "2023.12.29"]
[EventDate "2023.12.29"]
[Round "4.50"]
[Result "1-0"]
[White "V Pranav"]
[Black "Sumiya Bilguun"]
[WhiteElo "2562"]
[BlackElo "2407"]
[PlyCount "70"]

1. e4 c5 2. Nf3 e6 3. d4 cxd4 4. Nxd4 a6 5. c4 Nf6 6. Nc3 Qc7 7. Bd3 b6 8.
f4 d6 9. O-O Be7 10. Be3 Nbd7 11. Rc1 h5 12. h3 h4 13. b4 Nh5 14. Re1 Ng3
15. Bf2 g5 16. Nd5 exd5 17. cxd5 Qb7 18. e5 dxe5 19. fxe5 Bxb4 20. e6 Bxe1
21. exd7+ Qxd7 22. Qxe1+ Kf8 23. Qb4+ Kg8 24. Nc6 Bb7 25. Ne7+ Kg7 26. Bxg3
hxg3 27. Nf5+ Kg8 28. Qd4 Rh7 29. d6 Re8 30. Qf6 Re6 31. Qxg5+ Kf8 32. Bc4
Rg6 33. Qe7+ Qxe7 34. dxe7+ Ke8 35. Rd1 1-0

[Event "World Blitz 2023"]
[Site "Samarkand UZB"]
[Date "2023.12.29"]
[EventDate "2023.12.29"]
[Round "4.51"]
[Result "1-0"]
[White "Anton Demchenko"]
[Black "Raymond Song"]
[WhiteElo "2545"]
[BlackElo "2383"]
[PlyCount "74"]

1. e4 c5 2. Nc3 d6 3. Bb5+ Bd7 4. a4 Nf6 5. f4 a6 6. Bc4 Nc6 7. Nf3 e6 8.
d3 Be7 9. O-O O-O 10. Bd2 Qc7 11. Ba2 Nb4 12. Bb1 b5 13. Kh1 Qb7 14. e5
dxe5 15. fxe5 Nfd5 16. Ne4 c4 17. Qe1 cxd3 18. cxd3 bxa4 19. Qg3 f5 20. Nd6
Qb6 21. Bh6 g6 22. d4 Nc6 23. h4 Nxd4 24. h5 Ne2 25. Qe1 Nef4 26. hxg6 Nxg6
27. Ba2 Bc6 28. Rc1 Qxb2 29. Rf2 Qb6 30. Rfc2 Bb5 31. Bxd5 exd5 32. Rc7 Kh8
33. Qg3 f4 34. Qg4 Bd3 35. Rxe7 Qe3 36. Bg7+ Kg8 37. Qe6+ 1-0

[Event "World Blitz 2023"]
[Site "Samarkand UZB"]
[Date "2023.12.29"]
[EventDate "2023.12.29"]
[Round "4.52"]
[Result "1-0"]
[White "Rudik Makarian"]
[Black "Ediz Gurel"]
[WhiteElo "2540"]
[BlackElo "2359"]
[PlyCount "80"]

1. d4 d5 2. c4 c6 3. Nf3 Nf6 4. Nc3 e6 5. Bg5 h6 6. Bxf6 Qxf6 7. a3 dxc4 8.
e3 b5 9. Ne5 Bd6 10. Ne4 Qe7 11. Qh5 O-O 12. g4 Na6 13. g5 Nc5 14. Nxd6 Nb3
15. gxh6 g6 16. Rg1 Qxd6 17. Rxg6+ Kh8 18. Qg5 fxg6 19. Nxg6+ Kh7 20. Nxf8+
Qxf8 21. Bg2 e5 22. Be4+ Bf5 23. Bxf5+ Kh8 24. Rd1 exd4 25. exd4 Re8+ 26.
Kf1 Qe7 27. Qxe7 Rxe7 28. d5 cxd5 29. Rxd5 Re8 30. Rxb5 Nd2+ 31. Kg2 Rg8+
32. Kh3 Nf3 33. Bg4 Ng5+ 34. Kh4 Ne4 35. f4 Rd8 36. Re5 Nf6 37. Rc5 Rd2 38.
Bf5 Rd5 39. Rc8+ Ng8 40. Rxg8+ 1-0

[Event "World Blitz 2023"]
[Site "Samarkand UZB"]
[Date "2023.12.29"]
[EventDate "2023.12.29"]
[Round "4.53"]
[Result "0-1"]
[White "Sergey Grigoriants"]
[Black "Gianmarco Leiva"]
[WhiteElo "2532"]
[BlackElo "2338"]
[PlyCount "70"]

1. e4 c6 2. d4 d5 3. Nc3 dxe4 4. Nxe4 Nf6 5. Nxf6+ exf6 6. c3 Bd6 7. Bd3
O-O 8. Ne2 Re8 9. O-O Nd7 10. Ng3 Nf8 11. f4 b5 12. f5 Nd7 13. Qg4 Kh8 14.
Ne4 Bf8 15. Rf3 c5 16. Rh3 Bb7 17. Bd2 cxd4 18. cxd4 Nb6 19. Be3 Qd5 20.
Qh5 h6 21. Rh4 Nc4 22. Bf2 Nxb2 23. Bc2 Rac8 24. Bb3 Nc4 25. Re1 a5 26. Rg4
Qd7 27. Bh4 Qxd4+ 28. Bf2 Qd7 29. Rd1 Qc7 30. Nc3 Rcd8 31. Rc1 Qd7 32. Qh4
Ne3 33. Rg3 Nxf5 34. Qf4 Bd6 35. Qg4 Nxg3 0-1

[Event "World Blitz 2023"]
[Site "Samarkand UZB"]
[Date "2023.12.29"]
[EventDate "2023.12.29"]
[Round "4.54"]
[Result "0-1"]
[White "Artem Pingin"]
[Black "Van Foreest, Lucas"]
[WhiteElo "2358"]
[BlackElo "2519"]
[PlyCount "90"]

1. e4 e5 2. Nf3 Nc6 3. Bb5 Nf6 4. d3 d6 5. O-O a6 6. Ba4 b5 7. Bb3 Na5 8.
c3 Nxb3 9. axb3 Be7 10. b4 O-O 11. Nbd2 c6 12. Re1 Qc7 13. Nf1 Re8 14. h3
a5 15. bxa5 Rxa5 16. Be3 Rxa1 17. Qxa1 c5 18. Ng3 Be6 19. Ng5 Bd7 20. Qa2
c4 21. d4 Qb7 22. d5 Ra8 23. Qb1 b4 24. cxb4 Qxb4 25. Nf3 Rb8 26. Rc1 c3
27. b3 Qxb3 28. Qxb3 Rxb3 29. Ne1 Bb5 30. f3 Nd7 31. Nc2 g6 32. Kh2 Bd8 33.
Na1 Ra3 34. Nc2 Ra4 35. f4 Ba5 36. fxe5 Nxe5 37. Nd4 Bd3 38. Nb3 Bb4 39.
Bd4 c2 40. Na1 Ba3 41. Rxc2 Rxd4 42. Rc8+ Kg7 43. Nb3 Rc4 44. Ra8 Bc1 45.
Na5 Ra4 0-1

[Event "World Blitz 2023"]
[Site "Samarkand UZB"]
[Date "2023.12.29"]
[EventDate "2023.12.29"]
[Round "4.55"]
[Result "1-0"]
[White "Boris Savchenko"]
[Black "Daniyal Sapenov"]
[WhiteElo "2513"]
[BlackElo "2289"]
[PlyCount "92"]

1. e4 c5 2. Nf3 d6 3. d4 cxd4 4. Nxd4 Nf6 5. Nc3 a6 6. h3 e6 7. g4 h6 8.
Bg2 Be7 9. b3 Nc6 10. Bb2 Bd7 11. Nde2 g5 12. Qd2 Ne5 13. O-O-O Bc6 14. Ng3
Rc8 15. Nce2 Qc7 16. f4 gxf4 17. Nxf4 Rg8 18. Kb1 a5 19. Nfh5 Nxh5 20. Nxh5
Rg6 21. Rhf1 a4 22. Qf2 Bd8 23. Nf4 Rf6 24. Qd2 axb3 25. axb3 Be7 26. h4
Bb5 27. g5 hxg5 28. hxg5 Bxf1 29. gxf6 Bxg2 30. fxe7 Bxe4 31. Rc1 Qxe7 32.
Nh5 Bg6 33. Ng7+ Kd7 34. Bxe5 Rc6 35. Bc3 Qh4 36. Kb2 d5 37. Re1 Kc8 38.
Rc1 Qe4 39. Ne8 e5 40. Bb4 Kd7 41. c4 Kxe8 42. Re1 Qf5 43. Qxd5 Qf2+ 44.
Bd2 Rc7 45. Qxe5+ Kd8 46. Qe8# 1-0

[Event "World Blitz 2023"]
[Site "Samarkand UZB"]
[Date "2023.12.29"]
[EventDate "2023.12.29"]
[Round "4.56"]
[Result "1-0"]
[White "Jakub Seemann"]
[Black "Rustam Khusnutdinov"]
[WhiteElo "2332"]
[BlackElo "2499"]
[PlyCount "84"]

1. e4 e5 2. Nf3 Nc6 3. Bc4 Nf6 4. d3 Bc5 5. Nc3 a6 6. Be3 d6 7. O-O O-O 8.
a4 Bg4 9. h3 Bh5 10. Bxc5 dxc5 11. Nd5 Ne8 12. g4 Bg6 13. Ne3 Qf6 14. Bd5
Nd4 15. Nxd4 cxd4 16. Ng2 Nd6 17. Qd2 Qf3 18. Kh2 Kh8 19. Nh4 Qf6 20. g5
Qe7 21. f4 exf4 22. Qxf4 Rae8 23. Rae1 Qe5 24. Qxe5 Rxe5 25. Nxg6+ hxg6 26.
h4 f6 27. Kg3 Ree8 28. h5 gxh5 29. g6 Re5 30. Kf4 Rfe8 31. Rg1 Nf5 32. Bxb7
a5 33. Bc6 R8e7 34. c3 dxc3 35. bxc3 Nh6 36. Rb1 Ng8 37. Rb8 R7e6 38. d4
Rxc6 39. dxe5 fxe5+ 40. Kxe5 Rxc3 41. Kd4 Rc6 42. Rg5 1-0